Know Your Movies: A Tile Quiz - Statistics

General Stats
  • This quiz has been taken 196 times
  • The average score is 70 of 100
Answer Stats
Question Tile Select % Correct
Select the actors who have portrayed James Bond on film. (6 correct answers) Daniel Craig Yes
93%
Select the actors who have portrayed James Bond on film. (6 correct answers) Pierce Brosnan Yes
92%
Select the actors who have portrayed James Bond on film. (6 correct answers) Sean Bean No
92%
Pick the movies that feature a song by Celine Dion (4 correct answers) Titanic (1997) Yes
92%
Select the actors who have portrayed James Bond on film. (6 correct answers) Liam Neeson No
91%
Select the actors who have portrayed James Bond on film. (6 correct answers) Sean Connery Yes
91%
Select the actors who have portrayed James Bond on film. (6 correct answers) Bill Nighy No
90%
Select the actors who have portrayed James Bond on film. (6 correct answers) Idris Elba No
90%
Select the actors who have portrayed James Bond on film. (6 correct answers) Christopher Lee No
89%
Pick the actors who have played mutant characters in the X-Men franchise of films. (6 correct answers) Hugh Jackman Yes
89%
Pick the movies directed by Martin Scorsese (4 correct answers) Blade Runner (1982) No
88%
Select the actors who have portrayed James Bond on film. (6 correct answers) Roger Moore Yes
88%
Select the actors who have portrayed James Bond on film. (6 correct answers) Colin Firth No
87%
Pick the movies directed by Martin Scorsese (4 correct answers) The Wrestler (2008) No
86%
Pick the movies that tie in to Marvel's Avengers cinematic universe (4 correct answers) Iron Man (2008) Yes
85%
Select the Disney animated movies that debuted in theaters in the 1990's. (6 correct answers) Brother Bear No
84%
Pick the movies directed by Martin Scorsese (4 correct answers) Goodfellas (1990) Yes
83%
Select the Disney animated movies that debuted in theaters in the 1990's. (6 correct answers) The Lion King Yes
83%
Select the movies starring Julia Roberts (6 correct answers) Erin Brockovich (2000) Yes
82%
Pick the actors who have played mutant characters in the X-Men franchise of films. (6 correct answers) Margot Robbie No
82%
Select the movies starring Julia Roberts (6 correct answers) Notting Hill (1999) Yes
82%
Select the actors who have portrayed James Bond on film. (6 correct answers) Timothy Dalton Yes
82%
Pick the movies that have won the Academy award for Best Picture (6 correct answers) Get Out (2017) No
81%
Pick the movies that tie in to Marvel's Avengers cinematic universe (4 correct answers) Aquaman (2018) No
80%
Pick the actors who have played mutant characters in the X-Men franchise of films. (6 correct answers) Christian Bale No
80%
Pick the movies that tie in to Marvel's Avengers cinematic universe (4 correct answers) Deadpool (2016) No
80%
Select the movies starring Julia Roberts (6 correct answers) Miss Congeniality (2000) No
79%
Select the Disney animated movies that debuted in theaters in the 1990's. (6 correct answers) Aladdin Yes
78%
Pick the actors who have played mutant characters in the X-Men franchise of films. (6 correct answers) Jake Gyllenhaal No
78%
Select the Disney animated movies that debuted in theaters in the 1990's. (6 correct answers) Lilo & Stitch No
78%
Select the Disney animated movies that debuted in theaters in the 1990's. (6 correct answers) The Fox & The Hound No
78%
Select the movies starring Julia Roberts (6 correct answers) You've Got Mail (1998) No
78%
Pick the movies that tie in to Marvel's Avengers cinematic universe (4 correct answers) Captain America: The Winter Soldier (2014) Yes
77%
Select the movies starring Julia Roberts (6 correct answers) Far and Away (1992) No
77%
Pick the movies directed by Martin Scorsese (4 correct answers) Gangs of New York (2002) Yes
77%
Pick the actors who have played mutant characters in the X-Men franchise of films. (6 correct answers) Halle Berry Yes
77%
Select the Disney animated movies that debuted in theaters in the 1990's. (6 correct answers) Oliver & Company No
77%
Pick the movies directed by Martin Scorsese (4 correct answers) A Few Good Men (1992) No
76%
Pick the movies that have won the Academy award for Best Picture (6 correct answers) Guess Who's Coming to Dinner (1967) No
76%
Select the movies written by John Hughes (4 correct answers) The Breakfast Club (1985) Yes
76%
Pick the movies that feature a song by Celine Dion (4 correct answers) Toy Story 3 (2010) No
76%
Pick the movies that tie in to Marvel's Avengers cinematic universe (4 correct answers) Fantastic Four (2015) No
75%
Pick the movies that have won the Academy award for Best Picture (6 correct answers) Mystic River (2003) No
75%
Pick the movies that tie in to Marvel's Avengers cinematic universe (4 correct answers) Guardians of the Galaxy (2014) Yes
74%
Select the Disney animated movies that debuted in theaters in the 1990's. (6 correct answers) Pocahontas Yes
74%
Pick the movies directed by Martin Scorsese (4 correct answers) Taxi Driver (1976) Yes
74%
Pick the actors who have played mutant characters in the X-Men franchise of films. (6 correct answers) Edward Norton No
73%
Select the actors who have portrayed James Bond on film. (6 correct answers) George Lazenby Yes
73%
Pick the movies that starred Paul Newman. (4 correct answers) The Hustler (1961) Yes
73%
Pick the movies that have won the Academy award for Best Picture (6 correct answers) Lawrence of Arabia (1962) Yes
72%
Pick the movies directed by Martin Scorsese (4 correct answers) The Departed (2006) Yes
72%
Select the movies starring Julia Roberts (6 correct answers) The Thomas Crown Affair (1999) No
72%
Select the movies written by John Hughes (4 correct answers) Red Dawn (1984) No
71%
Pick the movies that tie in to Marvel's Avengers cinematic universe (4 correct answers) The Amazing Spider-Man (2012) No
71%
Select the movies starring Julia Roberts (6 correct answers) Where The Heart Is (2000) No
71%
Pick the movies that tie in to Marvel's Avengers cinematic universe (4 correct answers) Ant-Man (2015) Yes
70%
Select the movies written by John Hughes (4 correct answers) Dirty Dancing (1987) No
70%
Pick the actors who have played mutant characters in the X-Men franchise of films. (6 correct answers) James Marsden Yes
70%
Pick the movies that starred Paul Newman. (4 correct answers) The Flight of the Phoenix (1965) No
70%
Pick the movies that starred Paul Newman. (4 correct answers) The Great Gatsby (1974) No
70%
Pick the actors who have played mutant characters in the X-Men franchise of films. (6 correct answers) Famke Janssen Yes
68%
Pick the actors who have played mutant characters in the X-Men franchise of films. (6 correct answers) Scarlett Johansson No
68%
Select the movies written by John Hughes (4 correct answers) Ferris Bueller's Day Off (1986) Yes
67%
Pick the movies that feature a song by Celine Dion (4 correct answers) Manchester by the Sea (2016) No
67%
Select the Disney animated movies that debuted in theaters in the 1990's. (6 correct answers) The Emperor's New Groove No
67%
Pick the movies directed by Martin Scorsese (4 correct answers) The Revenant (2015) No
67%
Pick the movies that have won the Academy award for Best Picture (6 correct answers) No Country for Old Men (2007) Yes
66%
Select the movies starring Julia Roberts (6 correct answers) Ocean's Eleven (2001) Yes
66%
Select the Disney animated movies that debuted in theaters in the 1990's. (6 correct answers) Mulan Yes
65%
Select the Disney animated movies that debuted in theaters in the 1990's. (6 correct answers) Hercules Yes
64%
Pick the movies that have won the Academy award for Best Picture (6 correct answers) The King and I (1956) No
64%
Select the movies starring Julia Roberts (6 correct answers) The Pelican Brief (1993) Yes
63%
Pick the movies that have won the Academy award for Best Picture (6 correct answers) Braveheart (1995) Yes
62%
Select the movies starring Julia Roberts (6 correct answers) Mona Lisa Smile (2003) Yes
62%
Pick the movies that have won the Academy award for Best Picture (6 correct answers) Rain Man (1988) Yes
61%
Select the movies starring Julia Roberts (6 correct answers) Ocean's Eight (2018) No
60%
Select the movies written by John Hughes (4 correct answers) Footloose (1984) No
59%
Pick the actors who have played mutant characters in the X-Men franchise of films. (6 correct answers) Jessica Alba No
56%
Pick the movies that have won the Academy award for Best Picture (6 correct answers) Rocky (1976) Yes
56%
Pick the actors who have played mutant characters in the X-Men franchise of films. (6 correct answers) Sophie Turner Yes
56%
Select the Disney animated movies that debuted in theaters in the 1990's. (6 correct answers) Tarzan Yes
56%
Pick the movies that feature a song by Celine Dion (4 correct answers) The Hunchback of Notre Dame (1996) No
56%
Pick the actors who have played mutant characters in the X-Men franchise of films. (6 correct answers) Liev Schreiber Yes
55%
Pick the movies that have won the Academy award for Best Picture (6 correct answers) The Bridge on the River Kwai (1957) Yes
55%
Pick the movies that have won the Academy award for Best Picture (6 correct answers) Life of Pi (2012) No
53%
Select the movies starring Julia Roberts (6 correct answers) Stepmom (1998) Yes
52%
Pick the movies that starred Paul Newman. (4 correct answers) The Chase (1966) No
52%
Pick the movies that starred Paul Newman. (4 correct answers) The Towering Inferno (1974) Yes
52%
Pick the movies that starred Paul Newman. (4 correct answers) The Great Escape (1963) No
50%
Pick the movies that starred Paul Newman. (4 correct answers) Slap Shot (1977) Yes
49%
Select the movies written by John Hughes (4 correct answers) St. Elmo's Fire (1985) No
48%
Select the Disney animated movies that debuted in theaters in the 1990's. (6 correct answers) The Little Mermaid No
48%
Pick the movies that feature a song by Celine Dion (4 correct answers) Beauty and the Beast (1991) Yes
47%
Pick the movies that starred Paul Newman. (4 correct answers) Cat on a Hot Tin Roof (1958) Yes
47%
Select the movies written by John Hughes (4 correct answers) Home Alone (1990) Yes
47%
Pick the movies that have won the Academy award for Best Picture (6 correct answers) Good Will Hunting (1997) No
46%
Pick the movies that feature a song by Celine Dion (4 correct answers) The Notebook (2004) No
42%
Pick the movies that feature a song by Celine Dion (4 correct answers) Deadpool 2 (2017) Yes
39%
Select the movies written by John Hughes (4 correct answers) Planes, Trains, and Automobiles (1987) Yes
39%
Pick the movies that feature a song by Celine Dion (4 correct answers) Bicentennial Man (1999) Yes
35%
No matching quizzes found
Score Distribution
Percent of People with Each Score
Percentile by Number Answered
Your Score History
You have not taken this quiz